[Event "Roncana op-C 12th"]
[Site "Santa Eulalia de Roncana"]
[Date "2018.10.20"]
[Round "3"]
[White "Montilla Rodriguez, Ashton"]
[Black "Polo Sanchez, Adrian"]
[Result "0-1"]
[WhiteElo "1252"]
[BlackElo "1011"]
[PlyCount "40"]
[EventDate "2018.09.29"]
[EventType "swiss"]
[EventRounds "8"]
[EventCountry "ESP"]
[SourceTitle "EXT 2020"]
[Source "ChessBase"]
[SourceDate "2019.10.17"]
[SourceVersion "1"]
[SourceVersionDate "2019.10.17"]
[SourceQuality "1"]

1. e4 d5 2. exd5 Qxd5 3. Nc3 Qa5 4. Nf3 Nf6 5. Bc4 Bg4 6. 0-0 c6 7. Qe1 e6 8. h3 Bxf3 9. gxf3 Qc7 10. d3 Bd6 11. Bg5 Na6 12. Bxf6 gxf6 13. Qe4 Nc5 14. Qg4 0-0-0 15. Qd4 Bh2+ 16. Kh1 Rxd4 17. b3 Rh4 18. Ne2 Rg8 19. Rae1 Rxh3 20. d4 Bf4# 0-1